Accounting in a Business Context

Saved in:
Bibliographic Details
Main Author: Berry, Aidan
Other Authors: Jarvis, Robin
Format: Book
Language:English
Published: London Chapman and Hall 1991
Edition:1. ed.
Subjects:
Tags: Add Tag
No Tags, Be the first to tag this record!

MARC

LEADER 00000nam a2200000 4500
001 c012772
005 20221214101940.4
041 0 |a eng 
044 |a GB 
245 1 0 |a Accounting in a Business Context  |c Aidan Berry, Robin Jarvis 
250 |a 1. ed. 
264 1 |a London  |b Chapman and Hall  |c 1991 
300 |a 330 s. 
610 2 0 |a účtovníctvo 
610 2 0 |a obchod 
610 2 0 |a podnikanie 
610 2 0 |a účty 
610 2 0 |a plánovanie 
610 2 0 |a náklady 
610 2 0 |a analýza finančná 
100 1 |a Berry, Aidan 
700 1 |a Jarvis, Robin